| 000 | 00872nas a2200253Ia 4500 | ||
|---|---|---|---|
| 001 | R018/42771 | ||
| 003 | IT-RoPAU | ||
| 008 | 151124c99999999xx |||||||||||| ||und|| | ||
| 040 | _aIT-RoPAU | ||
| 040 | _cIT-RoPAU | ||
| 041 | _aFRANCESE | ||
| 100 |
_aPerry Simon _gCodice Aut. SPICS: 21956 |
||
| 210 | _aFILM ECHANGE | ||
| 222 | _aFilm Echange | ||
| 245 |
_aFILM ECHANGE, ANNO 04-N.13 (INVERNO 1981) _bConsequences Et Inconsequences De L'Interventionnisme Etatique Dans Le Cinema Britannique |
||
| 250 | _a1a ed. | ||
| 260 |
_aPARIS _bS.E.P.P. _c1981 |
||
| 501 |
_bPaulus - SPICS - Società San Paolo EM (non-commercial uses only) _cCopyright2015 |
||
| 300 | _a12 p. [73-84] | ||
| 362 | _aANNO 004, N.13 (INVERNO 1981) | ||
| 500 | _aConseguenze dell'Intervenzionismo Statale nel Cinema Britannico. | ||
| 650 |
_aCINEMA _vPUBBLICAZIONE PERIODICA |
||
| 942 | _cCR | ||
| 999 |
_c116624 _d116624 |
||